<The> Theory of Fiscal Federalism What Does It Mean for Europe?
Saved in:
| Main Author: | |
|---|---|
| Other Authors: | , |
| Format: | Book |
| Language: | English |
| Published: |
Milano
IGIER
1996
|
| Edition: | 1. ed. |
| Series: | Working Paper
No. 101 |
| Subjects: | |
| Tags: |
No Tags, Be the first to tag this record!
|
MARC
| LEADER | 00000nam a2200000 4500 | ||
|---|---|---|---|
| 001 | c021102 | ||
| 005 | 20221221084837.5 | ||
| 041 | 0 | |a eng | |
| 044 | |a IT | ||
| 245 | 1 | 0 | |a <The> Theory of Fiscal Federalism |b What Does It Mean for Europe? |c Torsten Persson, Gerard Roland, Guido Tabellini |
| 250 | |a 1. ed. | ||
| 264 | 1 | |a Milano |b IGIER |c 1996 | |
| 300 | |a 21 s. | ||
| 490 | 1 | |a Working Paper |v No. 101 | |
| 830 | 0 | |a Working Paper |v No. 101 | |
| 610 | 2 | 0 | |a hospodárstvo kontinentov |
| 610 | 2 | 0 | |a hospodárstvo trhové |
| 610 | 2 | 0 | |a spolupráca hospodárska medzinárodná |
| 610 | 2 | 0 | |a politika fiškálna |
| 610 | 2 | 0 | |a politika hospodárska medzinárodná |
| 610 | 2 | 0 | |a Európska únia |
| 610 | 2 | 0 | |a Európske spoločenstvá |
| 610 | 2 | 0 | |a trh spoločný |
| 100 | 1 | |a Persson, Torsten | |
| 700 | 1 | |a Roland, Gerard | |
| 700 | 1 | |a Tabellini, Guido | |